Neviditelné synagogy = Unsichtbare Synagogen /

Hlavní autor: Bartoš, Štěpán, 1963-
Další autoři: Jaklová, Helena, 1976-
Jazyk: Němčina
Čeština
Vydáno: [Pardubice] : NOV, spolek pro soudobou a mladou tvorbu, 2021
Témata:
Fyzický popis: 12 nečíslovaných stran : barevné ilustrace ; 20 cm
Language note: Souběžný německý text
Knihy
Uloženo v:
LEADER 01749nam a2200493 i 4500
001 nkc20213366811
003 CZ PrNK
005 20220310125636.0
007 ta
008 211014s2021 xr a e 000 0 cze
015 |a cnb003366811 
020 |a 978-80-907901-3-1  |q (brožováno) 
035 |a (OCoLC)1302726669 
040 |a OLA001  |b cze  |d BOA001  |d ABA001  |e rda 
041 1 |a cze  |a ger  |h cze 
043 |a e-xr--- 
072 7 |a 72  |x Architektura  |2 Konspekt  |9 21 
080 |a 726.3  |2 MRF 
080 |a 904:7.025.21  |2 MRF 
080 |a (437.3)  |2 MRF 
080 |a (084.12)  |2 MRF 
100 1 |a Bartoš, Štěpán,  |d 1963-  |7 jn20001005044  |4 aut  |4 pht 
245 1 0 |a Neviditelné synagogy =  |b Unsichtbare Synagogen /  |c Štěpán Bartoš ; překlad: Helena Jaklová 
246 3 1 |a Unsichtbare Synagogen 
264 1 |a [Pardubice] :  |b NOV, spolek pro soudobou a mladou tvorbu,  |c 2021 
300 |a 12 nečíslovaných stran :  |b barevné ilustrace ;  |c 20 cm 
336 |a text  |b txt  |2 rdacontent 
336 |a statický obraz  |b sti  |2 rdacontent 
337 |a bez média  |b n  |2 rdamedia 
338 |a svazek  |b nc  |2 rdacarrier 
500 |a Název z obálky 
546 |a Souběžný německý text 
650 0 7 |a synagogy  |7 ph126360  |z Česko  |2 czenas 
650 0 7 |a zaniklé památky  |7 ph127540  |z Česko  |2 czenas 
650 0 9 |a synagogues  |z Czechia  |2 eczenas 
650 0 9 |a lost monuments  |z Czechia  |2 eczenas 
655 7 |a fotografické publikace  |7 fd132276  |2 czenas 
655 9 |a photographical works  |2 eczenas 
700 1 |a Jaklová, Helena,  |d 1976-  |7 mzk2012694244  |4 trl 
910 2 |a BOA001  |b 2-1481.311 
990 |a BK 
995 |a 01 
991 |b 202202  |c NOV 
996 6 |b 2610892629  |c 2-1481.311  |l MZK  |r Sklad / do 1 hodiny  |n 0  |p p.v.  |w 001876534  |u 000010  |a 1  |e BOA001  |j MZK50  |s P